000 00336nam a2200121Ia 4500
005 20251222152555.0
008 251222s9999||||xx |||||||||||||| ||spa||
082 _a657.3/A64
100 _aApaza Meza, Mario
245 0 _aAnálisis e Interpretación Avanzada de los Estados Financieros
264 _bPacifico Editores S.A.
942 _cLIB
999 _c26390
_d26390